000 00383nam a2200181#a 4500
001 01612
003 HDC
007 ta
008 230623s2023 xx 000 0 eng d
020 _a9789832025870 (pbk)
040 _aHDC
050 _aHC79
_b.C658 2011
245 0 _aCollection of innovations 2011.
942 _2lcc
942 _cBK
942 _kHC79
942 _m.C658 2011
999 _c23178
_d23178